00000000cam 2200000zi 4500
0019.894378
003CaOODSP
00520260326074244
006m     o  d f      
007cr bn|||||||||
008201207t20212021onc     ob   f000 0 fre d
040 |aCaOODSP|bfre|erda|cCaOODSP
043 |an-cn---
0861 |aP29-32-310-2020F-PDF
24500|aSystèmes de production biologique : |bprincipes généraux et normes de gestion.
250 |aRectificatif no 1, mars 2021.
264 1|aOttawa (Ontario) Canada : |bOffice des normes générales du Canada : |bConseil canadien des normes, |c2021.
264 4|c©2021
300 |a1 ressource en ligne (iv, 71 pages).
336 |atexte|btxt|2rdacontent/fre
337 |ainformatique|bc|2rdamedia/fre
338 |aressource en ligne|bcr|2rdacarrier/fre
4901 |aNorme nationale du Canada ; |vCAN/CGSB-32.310-2020
500 |a« Publiée, décembre 2020. »
500 |a« Rectificatif no 1, mars 2021. »
500 |a« Expérience et excellence » -- Couverture.
500 |aRemplace CAN/CGSB-32.310-2015 incorpore le modificatif no 1.
500 |aPublié aussi en anglais sous le titre : Organic production systems : general principles and management standards.
504 |aComprend des références bibliographiques (page 71).
520 |a« La production biologique est un système de gestion holistique qui vise à maximiser la productivité et à favoriser la santé des diverses communautés de l’agroécosystème, notamment les organismes du sol, les végétaux, les animaux et les êtres humains. Le but premier de la production biologique est de développer des exploitations durables et respectueuses de l’environnement » -- Introduction, page iii.
650 6|aAgriculture biologique|xNormes|zCanada.
650 6|aIndustries agricoles|xNormes|zCanada.
7102 |aConseil canadien des normes, |eorganisme de publication.
7102 |aOffice des normes générales du Canada, |eorganisme de publication.
77508|tOrganic production systems : |w(CaOODSP)9.894375
794 |tSystèmes de production biologique : |b[Édition de mars 2026]|w(CaOODSP)9.960492
795 |tSystèmes de production biologique |bModifiée en mars 2018, Retirée|w(CaOODSP)9.854644
830#0|aNorme nationale du Canada ;|vCAN/CGSB-32.310-2020.|w(CaOODSP)9.504227
85640|qPDF|s3.35 Mo|uhttps://publications.gc.ca/collections/collection_2020/ongc-cgsb/P29-32-310-2020-fra.pdf
986 |aICS 67.040 / 67.120.30